000 00590cam a22001937a 4500
001 002059
003 armpunfd
005 20140612090657.0
008 061102e0####xx#a##########000#0#und#d
040 _aarmpunfd
_carmpunfd
080 _a342.72/.73 D 444
245 1 0 _aDerecho a la identidad y persecucion de crimenes de lesa humanidad
260 _a Buenos Aires : Abuelas De Plaza De Mayo.
650 7 _a Crimenes De Lesa Humanidad
_2LEMB
650 7 _a Derecho A La Identidad
_2LEMB
650 7 _a Lesa Humanidad
_2LEMB
942 _cLB
_2cdu
945 _aCatalis
_d2010-08-19
999 _c2050
_d232554